<?xml version="1.0" encoding="UTF-8"?>
<collection xmlns="http://www.loc.gov/MARC21/slim">
 <record>
  <leader>00611pamaa2200193   4500</leader>
  <controlfield tag="001">0000045595</controlfield>
  <controlfield tag="005">20090701090000.0</controlfield>
  <controlfield tag="008">090701                             eng  </controlfield>
  <datafield tag="020" ind1="0" ind2="0">
   <subfield code="a">0684862247 </subfield>
  </datafield>
  <datafield tag="090" ind1="0" ind2="0">
   <subfield code="a">PN1992.7.R38.A3 </subfield>
   <subfield code="b">RED 2001</subfield>
  </datafield>
  <datafield tag="100" ind1="1" ind2="0">
   <subfield code="a">Redstone </subfield>
  </datafield>
  <datafield tag="245" ind1="0" ind2="1">
   <subfield code="a">A passion to win  </subfield>
   <subfield code="c">Sumner Redstone with Peter Knobler.</subfield>
  </datafield>
  <datafield tag="260" ind1="0" ind2="0">
   <subfield code="a">New York: </subfield>
   <subfield code="b">Simon &amp; Schuster, </subfield>
   <subfield code="c">2001.</subfield>
  </datafield>
  <datafield tag="300" ind1=" " ind2=" ">
   <subfield code="a">322p.: </subfield>
   <subfield code="b">ill.; </subfield>
   <subfield code="c">24 cm.</subfield>
  </datafield>
  <datafield tag="504" ind1="0" ind2="0">
   <subfield code="a">Includes bibliographical references and index</subfield>
  </datafield>
  <datafield tag="600" ind1="0" ind2="0">
   <subfield code="a">Redstone, </subfield>
   <subfield code="h">Sumner</subfield>
  </datafield>
  <datafield tag="650" ind1="0" ind2="0">
   <subfield code="a">Viacom International </subfield>
  </datafield>
  <datafield tag="700" ind1="1" ind2="1">
   <subfield code="a">Knobler, </subfield>
   <subfield code="h">Peter </subfield>
  </datafield>
  <datafield tag="901" ind1=" " ind2=" ">
   <subfield code="u">http://www.simonandschuster.com</subfield>
  </datafield>
 </record>
</collection>
